| 000 | 02688nam a22004457a 4500 | ||
|---|---|---|---|
| 999 |
_c6591 _d6591 |
||
| 003 | OSt | ||
| 005 | 20260309135715.0 | ||
| 008 | 190228c xxut||p| |||| 00| 0 spa d | ||
| 020 | _a9789873048555 | ||
| 040 | _cPJ | ||
| 245 | 1 | 0 |
_aRevista de derecho privado y comunitario : _bdiez años de vigencia del Código Civil y Comercial de la Nación. Persona y Derecho de las Familias - I / _cHéctor Alegría, Jorge Mosset Iturraspe directores. |
| 260 |
_aSanta Fé : _bRubinzal-Culzoni, _c2025. |
||
| 300 |
_a640 p. _c22 cm. |
||
| 310 | _acuatrimestral | ||
| 362 | _aNo. 1 (2025) | ||
| 505 |
_tLa inviolabilidad de la persona humana. afectaciones a la dignidad / _rr Sandra M. Wierzba. |
||
| 505 |
_tConsentimiento para los actos médicos e investigaciones en la salud bases para su abordaje desde el código civil y comercial balances y perspectivas / _rFederico A. Ossola. |
||
| 505 |
_tSalud mental y capacidad / _r Luz M. Pagano. |
||
| 505 |
_tAutonomía progresiva y derecho de comunicación / _rAdriana N. Krasnow. |
||
| 505 |
_tModificaciones al nombre / _rr Carolina Duprat. |
||
| 505 |
_tEl corrimiento del velo societario frente a la utilización desviada de las estructuras societarias en las relaciones de familia - semblanza a partir de las experiencias en materia laboral y de defensa del consumidor / _rr Emilio F. Moro. |
||
| 505 |
_tAsociaciones civiles / _rEdgardo Ignacio Saux. |
||
| 505 |
_tParte general / _r Julio César Rivera Colaborador: Diego M. Fissore. |
||
| 505 |
_tObligaciones / _t: Alberto J. Bueres Colaborador: Carlos Reyna. _r: Alberto J. Bueres Colaborador: Carlos Reyna. |
||
| 505 |
_tContratos / _r Ricardo Luis Lorenzetti y Gonzalo Sozzo Colaborador: Mariano L. Churruarin. |
||
| 505 |
_tDerechos reales / _rLeopoldo L. Peralta Mariscal Colaboradora: Mariana Rey. |
||
| 505 |
_tFamilias / _rAída Kemelmajer Colaboradora: María Angélica. |
||
| 505 |
_tSucesiones / _rGraciela Medina Colaboradora: Andrea Inés Podestá. |
||
| 505 |
_tConcursos / _r José A. Di Tullio Colaborador: Eduardo Néstor Chiavassa. |
||
| 505 |
_tSeguros / _rHoracio Roitman Colaborador:JoséA.DiTullio. |
||
| 505 |
_tSociedades / _rHéctor Alegria Colaborador: Nicolás J. Di Lella. |
||
| 505 |
_tDerecho cambiario / _rIván G. Di Chiazza Colaborador: José Ignacio Pastore. |
||
| 505 |
_tDerechos humanos / _r Graciela Medina Colaboradora: Gabriela Yuba. |
||
| 650 | 0 |
_91497 _aCODIGO CIVIL Y COMERCIAL |
|
| 650 | 0 |
_9967 _aDERECHO DE FAMILIA |
|
| 650 | 0 |
_92741 _aDERECHOS DE LAS NIÑAS, NIÑOS Y ADOLESCENTES |
|
| 700 |
_91076 _aAlegria, Héctor _edirector |
||
| 700 |
_9528 _aMosset Iturraspe, Jorge _edirector |
||
| 942 |
_2udc _cPP _h347.1(05) _iREV |
||